Fostering creativity : (Record no. 20595)
[ view plain ]
| 000 -LEADER | |
|---|---|
| fixed length control field | 00956cam a22002655a 4500 |
| 001 - CONTROL NUMBER | |
| control field | 15923378 |
| 005 - DATE AND TIME OF LATEST TRANSACTION | |
| control field | 20151208154914.0 |
| 008 - FIXED-LENGTH DATA ELEMENTS--GENERAL INFORMATION | |
| fixed length control field | 090925t2010 maua frb 000 0 eng d |
| 020 ## - INTERNATIONAL STANDARD BOOK NUMBER | |
| International Standard Book Number | 9781422128930 (pbk. : alk. paper) |
| 020 ## - INTERNATIONAL STANDARD BOOK NUMBER | |
| International Standard Book Number | 1422128938 (pbk. : alk. paper) |
| 040 ## - CATALOGING SOURCE | |
| Original cataloging agency | DLC |
| Transcribing agency | DLC |
| Modifying agency | BTCTA |
| -- | UKM |
| -- | YDXCP |
| -- | C#P |
| -- | CDX |
| -- | BWX |
| -- | DLC |
| -- | EG-ScBUE |
| Language of cataloging | eng |
| 082 04 - DEWEY DECIMAL CLASSIFICATION NUMBER | |
| Classification number | 658.314 |
| Edition number | 22 |
| Item number | FOS |
| 245 00 - TITLE STATEMENT | |
| Title | Fostering creativity : |
| Remainder of title | expert solutions to everyday challenges. |
| 260 ## - PUBLICATION, DISTRIBUTION, ETC. (IMPRINT) | |
| Place of publication, distribution, etc | Boston : |
| Name of publisher, distributor, etc | Harvard Business School Publishing, |
| Date of publication, distribution, etc | c.2010. |
| 300 ## - PHYSICAL DESCRIPTION | |
| Extent | xii, 80 p. : |
| Other physical details | ill. ; |
| Dimensions | 18 cm. |
| 490 0# - SERIES STATEMENT | |
| Series statement | Pocket mentor series |
| 504 ## - BIBLIOGRAPHY, ETC. NOTE | |
| Bibliography, etc | Includes bibliographical references. |
| 650 #7 - SUBJECT ADDED ENTRY--TOPICAL TERM | |
| Topical term or geographic name as entry element | Creative ability in business. |
| Source of heading or term | BUEsh |
| 9 (RLIN) | 37582 |
| 650 #7 - SUBJECT ADDED ENTRY--TOPICAL TERM | |
| Topical term or geographic name as entry element | Creative thinking. |
| Source of heading or term | BUEsh |
| 9 (RLIN) | 7850 |
| 650 #7 - SUBJECT ADDED ENTRY--TOPICAL TERM | |
| Topical term or geographic name as entry element | Problem solving. |
| Source of heading or term | BUEsh |
| 9 (RLIN) | 10472 |
| 651 ## - SUBJECT ADDED ENTRY--GEOGRAPHIC NAME | |
| Source of heading or term | BUEsh |
| 653 ## - INDEX TERM--UNCONTROLLED | |
| Resource For college | BAEPS, Business Administration |
| Arrived date list | August2015 |
| -- | December2015 |
| 710 2# - ADDED ENTRY--CORPORATE NAME | |
| Corporate name or jurisdiction name as entry element | Harvard Business School. |
| Subordinate unit | Press. |
| 9 (RLIN) | 13866 |
| 942 ## - ADDED ENTRY ELEMENTS (KOHA) | |
| Source of classification or shelving scheme | Dewey Decimal Classification |
| Withdrawn status | Lost status | Source of classification or shelving scheme | Damaged status | Not for loan | Koha collection | Home library | Current library | Shelving location | Date acquired | Source of acquisition | Cost, normal purchase price | Serial Enumeration / chronology | Total Checkouts | Full call number | Barcode | Date last seen | Date last borrowed | Cost, replacement price | Koha item type |
|---|---|---|---|---|---|---|---|---|---|---|---|---|---|---|---|---|---|---|---|
| Dewey Decimal Classification | Baccah | Central Library | Central Library | First floor | 18/08/2015 | Purchase | 80.00 | 21758 | 1 | 658.314 FOS | 000039787 | 15/07/2025 | 31/10/2022 | 100.00 | Book - Borrowing |